Hide and Seek - Elements #2 - Statistics

General Stats
  • This quiz has been taken 5 times
  • The average score is 4 of 5
Answer Stats
Answer % Correct
Carbon
100%
Oxygen
100%
Argon
80%
Nitrogen
80%
They're the most abundant in Earth's atmosphere.
20%
No matching quizzes found
Score Distribution
Percent of People with Each Score
Percentile by Number Answered
Your Score History
You have not taken this quiz